[Event "CZE-ch U18"]
[Site "CZE"]
[Date "1998.??.??"]
[Round "?"]
[White "Balin, Kamil"]
[Black "Cernousek, Lukas"]
[Result "0-1"]
[WhiteElo "1840"]
[BlackElo "2070"]

1.d4 Nf6 2.c4 g6 3.Nc3 Bg7 4.e4 O-O 5.Nf3 d6 6.Be2 e5 7.O-O Nc6 8.d5 Ne7
9.Ne1 Nd7 10.Be3 f5 11.f3 f4 12.Bf2 g5 13.b4 Nf6 14.Rc1 Ng6 15.c5 Rf7 16.Qc2 h5
17.cxd6 cxd6 18.Nb5 g4 19.Nc7 g3 20.Nxa8 Bd7 21.Nc7 Nh7 22.hxg3 fxg3 23.Bxg3 h4
24.Ne6 Qf6 25.Bh2 Nf4 26.Qb2 Bh6 27.Rc3 Qg6 28.Kh1 Nf6 29.Bc4 b5 30.Bb3 N6h5
31.Rf2 Ng3+ 32.Kg1 h3 33.gxh3 Nxh3+ 34.Kg2 Nxe4+ 35.Kf1 Nexf2 36.Bc2 Qh5
37.f4 Nxf4 38.Rg3+ Ng4 39.Be4 Nd3+  0-1

[Event "CZE-ch U18"]
[Site "CZE"]
[Date "1998.??.??"]
[Round "?"]
[White "Fiala, Robert"]
[Black "Schauer, Jiri"]
[Result "1-0"]
[WhiteElo "2080"]
[BlackElo "2105"]

1.d4 Nf6 2.c4 g6 3.Nc3 Bg7 4.e4 d6 5.Be2 O-O 6.Nf3 e5 7.O-O Nc6 8.d5 Ne7
9.b4 a5 10.Ba3 axb4 11.Bxb4 Nd7 12.a4 f5 13.Nd2 Nc5 14.f3 Bh6 15.Nb3 Be3+
16.Kh1 f4 17.Bxc5 dxc5 18.Qc2 g5 19.Nd1 Bd4 20.Nxd4 exd4 21.Nb2 Ng6 22.Nd3 Qd6
23.Rfb1 Ne5 24.Rb5 b6 25.Rb2 Bd7 26.a5 Rxa5 27.Rxa5 bxa5 28.Nxe5 Qxe5 29.Ra2 a4
30.Qb2 Qd6 31.Bd1 Qa6 32.Qc2 Qa5 33.Qe2 Qc3 34.Bc2 Rb8 35.h3 Rb2 36.Rxb2 Qxb2
37.e5 Qc1+ 38.Kh2 Qe3 39.Qd1 Qxe5 40.Qb1 Be8 41.Bxh7+ Kg7 42.Be4 Qd6 43.Qe1 Qe7
44.Qa5 Bg6 45.Qxa4 Bxe4 46.fxe4 Kf6 47.Qc2 Ke5 48.Qe2 Qh7 49.Qg4 Kxe4 50.Qe2+  1-0

[Event "CZE-chT2V 9899"]
[Site "CZE"]
[Date "1998.??.??"]
[Round "?"]
[White "Skorpik, Martin"]
[Black "Splichal, P."]
[Result "1-0"]
[WhiteElo "2125"]
[BlackElo "1895"]

1.d4 Nf6 2.c4 g6 3.Nc3 d6 4.e4 Bg7 5.Nf3 O-O 6.Be2 e5 7.O-O Nc6 8.d5 Ne7
9.Ne1 Ne8 10.Nd3 f5 11.f3 f4 12.g4 h5 13.h3 b6 14.Bd2 Kh7 15.Kg2 Ng8 16.b4 Rf7
17.a4 a6 18.a5 Bf8 19.axb6 cxb6 20.c5 bxc5 21.bxc5 dxc5 22.Nxe5 Rc7 23.Bxf4 Bd6
24.Nd3 c4 25.Bxd6 Nxd6 26.Nb4 Qf6 27.Qd2 Bd7 28.Rxa6 Rxa6 29.Nxa6 Ra7 30.Nc5 Bc8
31.Qe3 Qe7 32.e5 Ra3 33.Qd4 Nf7 34.e6 Nd6 35.N3e4 Ra2 36.Rf2  1-0

[Event "CZE-chT2V 9899"]
[Site "CZE"]
[Date "1998.??.??"]
[Round "?"]
[White "Hala, Bohumil"]
[Black "Maskova, Jana"]
[Result "0-1"]
[WhiteElo "2195"]
[BlackElo "2230"]

1.d4 Nf6 2.Nf3 g6 3.c4 Bg7 4.Nc3 O-O 5.e4 d6 6.Be2 e5 7.O-O Nc6 8.d5 Ne7
9.b4 a5 10.Ba3 Nh5 11.c5 Nf4 12.Nd2 f5 13.f3 Rf6 14.Nc4 axb4 15.Bxb4 Bd7
16.a4 Nc8 17.Rb1 Bf8 18.cxd6 cxd6 19.a5 Rf7 20.Rb2 Qg5 21.Bd3 h5 22.Kh1 h4
23.Rg1 Nh5 24.Re1 Rg7 25.Ba3 Nf4 26.Bf1 Be8 27.Qb1 Rc7 28.Nb5 Bxb5 29.Rxb5 Rxc4
30.Rxb7 Rxa5 31.Bc1 Rca4 32.Qc2 Ne7 33.Qc7 fxe4 34.fxe4 Ra2 35.Bd2 Rxd2 36.Qxa5 Rxg2
37.Qa7 Rxh2+ 38.Kxh2 Qg3+ 39.Kh1 Qxe1  0-1

[Event "CZE-chT2 9899"]
[Site "CZE"]
[Date "1998.??.??"]
[Round "?"]
[White "Pesout, Jan"]
[Black "Taborsky, Rostislav"]
[Result "0-1"]
[WhiteElo "2255"]
[BlackElo "2165"]

1.Nf3 Nf6 2.c4 g6 3.Nc3 Bg7 4.d4 O-O 5.e4 d6 6.Be2 e5 7.O-O Nc6 8.d5 Ne7
9.Ne1 Nd7 10.Be3 f5 11.f3 f4 12.Bf2 g5 13.g4 h5 14.h3 Rf7 15.Kg2 Ng6 16.Rg1 Nf6
17.Nd3 Bf8 18.b4 Rh7 19.c5 Kg7 20.Rc1 a6 21.Qb3 Be7 22.cxd6 Bxd6 23.Nc5 Qh8
24.Rh1 hxg4 25.hxg4 Bxc5 26.Rxh7+ Qxh7 27.Rh1 Qxh1+ 28.Kxh1 Bxf2 29.Qc4 Bd7
30.Kg2 Bd4 31.a4 Nh4+ 32.Kf1 b5 33.Qb3 Bxg4 34.fxg4 f3 35.Nb1 fxe2+ 36.Kxe2 Rf8
37.Qc2 Nxg4 38.Qxc7+ Rf7 39.d6 Nf6 40.axb5 axb5 41.Nd2 g4 42.Nf1 Ng6 43.Ng3 Nf4+
44.Kd1 Kg6 45.Nf5 Rh7 46.Qc6 Rh1+ 47.Kd2 Rh2+ 48.Kd1 Rh1+ 49.Kd2 Rh7 50.Nxd4 exd4
51.e5 Rh2+ 52.Kd1 N6d5 53.d7+ Kf5 54.Qxd5 Nxd5 55.d8=Q Nc3+ 56.Ke1 Re2+ 57.Kf1 Kxe5
58.Qg5+ Ke4 59.Qxg4+ Kd3 60.Qf5+ Re4 61.Kf2 Kc2  0-1

[Event "Moravia-chT 9899"]
[Site "CZE"]
[Date "1998.??.??"]
[Round "1"]
[White "Riska, Lubomir"]
[Black "Novotny, Jiri"]
[Result "0-1"]
[WhiteElo "2240"]
[BlackElo "2290"]

1.Nf3 g6 2.c4 Bg7 3.Nc3 Nf6 4.d4 O-O 5.e4 d6 6.Be2 e5 7.O-O Nc6 8.d5 Ne7
9.b4 c5 10.dxc6 bxc6 11.Bb2 Nh5 12.Ne1 Nf4 13.Bf3 Be6 14.Be2 d5 15.cxd5 cxd5
16.Nd3 dxe4 17.Nxe4 Nxe2+ 18.Qxe2 Nc6 19.Rfd1 Nd4 20.Bxd4 exd4 21.Nec5 Bd5
22.Qd2 Rc8 23.a4 Ba8 24.a5 Qd5 25.f3 Rfe8 26.Re1 Re3 27.Re2 Rce8 28.Rae1 Qf5
29.Rxe3 dxe3 30.Qc2 Bd5 31.Re2 Bd4 32.Ne1 Qe5 33.Qd3 Bc6 34.Qc4 Bc3 35.Ned3 Qd4
36.Qxd4 Bxd4 37.Nb3 Bc3 38.Rc2 Bb5 39.Rxc3 Bxd3 40.Rc1  0-1

[Event "CZE-chT 9899"]
[Site "CZE"]
[Date "1998.??.??"]
[Round "2"]
[White "Voloshin, Leonid"]
[Black "Zpevak, Pavel"]
[Result "1/2-1/2"]
[WhiteElo "2420"]
[BlackElo "2380"]

1.d4 Nf6 2.c4 g6 3.Nc3 Bg7 4.e4 d6 5.Be2 O-O 6.Nf3 e5 7.O-O Nc6 8.d5 Ne7
9.Bg5 Nd7 10.b4 h6 11.Bxe7 Qxe7 12.Nd2 h5 13.Nb3 Bh6 14.a4 Nf6 15.c5 Ng4
16.h3 Nf6 17.c6 bxc6 18.dxc6 d5 19.Nxd5 Nxd5 20.Qxd5 Be6 21.Qc5 Qh4 22.Bc4 Bxh3
23.gxh3 Qg5+ 24.Kh1 Qh4 25.Kg1 Qg5+ 26.Kh1 Qh4 27.Kg1  1/2-1/2

[Event "Moravia-chT 9899"]
[Site "CZE"]
[Date "1998.??.??"]
[Round "5"]
[White "Knazovcik, Ladislav"]
[Black "Sobek, Jaroslav"]
[Result "0-1"]
[WhiteElo "2255"]
[BlackElo "2245"]

1.Nf3 Nf6 2.c4 g6 3.Nc3 Bg7 4.e4 d6 5.d4 O-O 6.Be2 e5 7.O-O Nc6 8.d5 Ne7
9.b4 Ne8 10.c5 Kh8 11.Nd2 f5 12.Bf3 Ng8 13.Nc4 Ngf6 14.Re1 f4 15.a4 g5 16.h3 Rg8
17.Ba3 Bf8 18.Bg4 Nxg4 19.hxg4 h5 20.gxh5 g4 21.Kf1 Qh4 22.Ke2 f3+ 23.gxf3 gxf3+
24.Kd3 Qxf2 25.Ne3 Bh6 26.Ra2 Qg3 27.Bc1 Bxe3 28.Bxe3 Bh3 29.Qc1 a6 30.Rg1 Bg2
31.Nd1 Nf6 32.Bf2 Qg7 33.Qc4 c6 34.dxc6 dxc5 35.bxc5 bxc6 36.Kc2 Qg4 37.Nc3 Rad8
38.Rb2 Qf4 39.Kb1 Rb8 40.Rb6 Ng4 41.Qa2 Rbd8 42.Rb2 Rd3 43.Qc4 Rd2 44.Qa2 Rgd8
45.Rxd2 Qxd2 46.Be1 Rb8+ 47.Ka1 Qc1+ 48.Nb1 Ne3 49.Bc3 Rxb1+ 50.Qxb1 Nc2+  0-1

[Event "CZE-chT2 9798"]
[Site "CZE"]
[Date "1998.??.??"]
[Round "6.2"]
[White "Kozak, Milos"]
[Black "Znamenacek, Kvetoslav"]
[Result "1/2-1/2"]
[WhiteElo "2290"]
[BlackElo "2325"]

1.d4 g6 2.Nf3 Nf6 3.c4 Bg7 4.Nc3 O-O 5.e4 d6 6.Be2 e5 7.O-O Nc6 8.d5 Ne7
9.b4 Kh8 10.c5 Neg8 11.Nd2 Ne8 12.Nc4 f5 13.a4 Ngf6 14.f3 f4 15.Ba3 g5 16.b5 Rg8
17.b6 cxb6 18.cxd6 Nd7 19.Rc1 Nc5 20.Nb5 Bd7 21.Bb2 Bxb5 22.Nxe5 Nxd6 23.axb5 Qe7  1/2-1/2

[Event "Moravia-chT 9798"]
[Site "CZE"]
[Date "1998.??.??"]
[Round "10.2"]
[White "Antoniewski, Rafal"]
[Black "Talla, Vladimir"]
[Result "1-0"]
[WhiteElo "2435"]
[BlackElo "2335"]

1.Nf3 Nf6 2.c4 g6 3.Nc3 Bg7 4.e4 d6 5.d4 O-O 6.Be2 e5 7.O-O Nc6 8.d5 Ne7
9.Ne1 Nd7 10.Be3 f5 11.f3 f4 12.Bf2 g5 13.g4 h5 14.h3 hxg4 15.hxg4 Ng6 16.Nd3 Rf7
17.c5 Nf6 18.a4 Qf8 19.Kg2 Ne8 20.Rh1 Bf6 21.Nb5 a6 22.Na3 Bd8 23.Nc4 Nh4+
24.Kg1 Rh7 25.Qb3 Ng6 26.Rxh7 Kxh7 27.Na5 dxc5 28.Nxc5 b6 29.Nc6 Be7 30.Nd3 Bd6
31.a5 b5 32.Qc3 Qf6 33.Kg2 Bb7 34.Rh1+ Kg8 35.Bd1 Ng7 36.Kg1 Kf7 37.Rh6 Rf8
38.Ncxe5+ Bxe5 39.Nxe5+ Qxe5 40.Bd4  1-0

[Event "CZE-chT2 9798"]
[Site "CZE"]
[Date "1998.??.??"]
[Round "10.6"]
[White "Hajek, Jiri"]
[Black "Hitzgerova, Gabriela"]
[Result "1-0"]
[WhiteElo "2180"]
[BlackElo "2170"]

1.d4 Nf6 2.Nf3 g6 3.c4 Bg7 4.Nc3 O-O 5.e4 d6 6.Be2 Nc6 7.O-O e5 8.d5 Ne7
9.Ne1 Ne8 10.Be3 f5 11.f3 f4 12.Bf2 g5 13.a4 Nf6 14.a5 h5 15.h3 Rf7 16.c5 Bf8
17.c6 Rg7 18.cxb7 Bxb7 19.a6 Bc8 20.Qd3 Ng6 21.Nb5 g4 22.fxg4 hxg4 23.hxg4 Nxg4
24.Bxg4 Bxg4 25.Nxa7 Nh4 26.Nc6 Qg5 27.Ra3 Nxg2 28.Nxg2 Be2 29.Qh3 Rxa6 30.Qe6+ Kh8
31.Rh3+ Bh5 32.Bg3 Ra8 33.Nxf4 exf4 34.Rxf4 Rh7 35.Nd4 Bg7 36.Nf3 Bxf3 37.Rxh7+ Kxh7
38.Rxf3 Qc1+ 39.Kg2 Qxb2+ 40.Bf2 Ra3 41.Qh3+  1-0

[Event "POL-ch sf"]
[Site "Czestochowa"]
[Date "1998.??.??"]
[Round "5"]
[White "Kosiorek, Marek"]
[Black "Jedryczka, Krystian"]
[Result "1-0"]
[WhiteElo "2360"]
[BlackElo "2465"]

1.d4 Nf6 2.c4 g6 3.Nc3 Bg7 4.e4 d6 5.Nf3 O-O 6.Be2 e5 7.O-O Nc6 8.d5 Ne7
9.Nd2 a5 10.a3 Nd7 11.Rb1 f5 12.b4 Kh8 13.Qc2 Ng8 14.exf5 gxf5 15.f4 Ne7
16.Nf3 Ng6 17.Ng5 Nf6 18.fxe5 dxe5 19.Be3 b6 20.Rbd1 axb4 21.axb4 f4 22.Bf2 Nxd5
23.Nxh7 Bf5 24.Bd3 Nxb4 25.Bxf5 Nxc2 26.Rxd8 Rfxd8 27.Bxg6 e4 28.Bxe4 Bxc3
29.Bxc2 Rd2 30.Bb1 Rg8 31.h4 f3 32.Ng5 fxg2 33.Kxg2 Bd4 34.Kg3 Re8 35.Bxd4+ Rxd4
36.Rf4 Rxf4 37.Kxf4 c6 38.Be4 Rf8+ 39.Ke5 b5 40.c5 b4 41.Bxc6 b3 42.Be4 b2
43.c6 Kg8 44.Ne6  1-0

[Event "Decin op-A"]
[Site "Decin"]
[Date "1998.??.??"]
[Round "2"]
[White "Al Khateeb, Ahmed"]
[Black "Kansky, Pavel"]
[Result "1-0"]
[WhiteElo "2275"]
[BlackElo "2115"]

1.e4 g6 2.d4 Bg7 3.c4 d6 4.Nc3 Nf6 5.Be2 O-O 6.Nf3 e5 7.O-O Nc6 8.d5 Ne7
9.b4 Nh5 10.Re1 f5 11.Ng5 Nf6 12.f3 a5 13.Ba3 axb4 14.Bxb4 c5 15.dxc6 Qb6+
16.Kh1 Qxb4 17.cxb7 Qxb7 18.Nb5 Rd8 19.Nxd6 Qc7 20.c5 h6 21.Qb3+ Ned5 22.Nxc8 Qxc8
23.exd5 hxg5 24.d6+ Kh7 25.Rac1 e4 26.Red1 Rb8 27.Bb5 exf3 28.gxf3 Bf8 29.Qf7+ Bg7
30.a4 f4 31.d7 Qc7 32.c6 g4 33.Bd3 gxf3 34.Qxg6+ Kh8 35.Rg1 Rxd7 36.cxd7 Qxd7
37.Bb5 Rxb5 38.Rc8+  1-0

[Event "Decin op-A"]
[Site "Decin"]
[Date "1998.??.??"]
[Round "3"]
[White "Hrbolka, Ladislav"]
[Black "Hrbolka, Ladislav Jr"]
[Result "1/2-1/2"]
[WhiteElo "2185"]
[BlackElo "2075"]

1.d4 Nf6 2.c4 g6 3.Nc3 Bg7 4.e4 d6 5.Nf3 O-O 6.Be2 e5 7.O-O Nc6 8.d5 Ne7
9.Ne1 a5 10.Bd2 Nd7  1/2-1/2

[Event "Dresden zt (Women)"]
[Site "Dresden"]
[Date "1998.??.??"]
[Round "1"]
[White "Schmid, Shahanah"]
[Black "Grosar, Kiti"]
[Result "0-1"]
[WhiteElo "2130"]
[BlackElo "2225"]

1.d4 Nf6 2.c4 g6 3.Nc3 Bg7 4.e4 d6 5.Nf3 O-O 6.Be2 e5 7.O-O Nc6 8.d5 Ne7
9.Nd2 a5 10.a3 Nd7 11.Rb1 f5 12.b4 Kh8 13.f3 Ng8 14.Qc2 Ngf6 15.Nb5 b6 16.exf5 gxf5
17.f4 Ng4 18.Nf3 exf4 19.Bxf4 Nde5 20.c5 axb4 21.cxb6 cxb6 22.Rxb4 Nxf3+
23.Rxf3 Ne5 24.Rfb3 Bb7 25.Nc3 Rc8 26.Qd2 Nf7 27.Na4 Qe7 28.Nxb6 Rc5 29.Be3 Rc7
30.Rc4 Rxc4 31.Nxc4 Kg8 32.Bf3 Ba6 33.Na5 Ne5 34.Nc6 Nxf3+ 35.gxf3 Qf6 36.Bf4 Bc4
37.Rb7 Qa1+ 38.Kf2 Qf1+ 39.Kg3 Qg1+ 40.Qg2 Qe1+ 41.Qf2 Qe8 42.Ne7+ Kh8 43.Bxd6 Qh5
44.Qd2 Bf1 45.h4 f4+ 46.Bxf4 Bf6 47.Qh2 Be5 48.Qd2 Bxf4+ 49.Qxf4 Rxf4 50.Kxf4 Qxh4+
51.Ke5 Qg3+ 52.f4 Qc3+ 53.Ke6 Qe3+ 54.Kd7 Qxf4 55.d6 Qa4+ 56.Kc8 Ba6 57.d7 Bxb7+
58.Kc7 Qa5+ 59.Kxb7 Qd8 60.Nc6 Qxd7+ 61.Kb6 h5  0-1

[Event "IRL-ch"]
[Site "Dublin"]
[Date "1998.??.??"]
[Round "5"]
[White "Daly, Colin"]
[Black "O'Rourke, Ray"]
[Result "1-0"]
[WhiteElo "2295"]
[BlackElo "2095"]

1.c4 Nf6 2.Nc3 g6 3.e4 d6 4.d4 Bg7 5.Nf3 O-O 6.Be2 Nc6 7.O-O e5 8.d5 Ne7
9.Bg5 h6 10.Bxf6 Bxf6 11.b4 b6 12.a4 Bg7 13.a5 f5 14.Nd2 Rf6 15.Ra3 f4 16.Bg4 Bxg4
17.Qxg4 g5 18.Rfa1 Nc8 19.Nb5 Qe7 20.h4 gxh4 21.Nf3 Qf7 22.Nxh4 Kh7 23.Rh3 c6
24.Nc3 c5 25.bxc5 bxc5 26.Rb1 Qc7 27.Kh2 a6 28.Na4 Ne7 29.Nb6 Rd8 30.Rh1 Nc8
31.Nxc8 Rxc8 32.Rb1 Rb8 33.Rxb8 Qxb8 34.Qd7 Qb1 35.Nf3 Kg8 36.Qe8+ Bf8 37.Rh4 Qxe4
38.Rg4+ Kh7 39.Nh4 Qb1 40.Qd7+ Kh8 41.Qd8  1-0

[Event "BUL-ch"]
[Site "Dupnica"]
[Date "1998.??.??"]
[Round "7"]
[White "Alexandrov, Vasil"]
[Black "Georgiev, Krum"]
[Result "0-1"]
[WhiteElo "2000"]
[BlackElo "2525"]

1.Nf3 Nf6 2.c4 g6 3.Nc3 Bg7 4.e4 d6 5.d4 O-O 6.Be2 e5 7.O-O Nc6 8.d5 Ne7
9.b4 Nh5 10.Re1 Nf4 11.Bf1 a5 12.bxa5 c5 13.Nd2 Rxa5 14.a4 Ra6 15.Nb3 h6
16.a5 f5 17.g3 Nh5 18.Ra2 Nf6 19.f3 h5 20.Bg5 Nh7 21.Be3 g5 22.Na4 g4 23.Nb6 f4
24.Nxc8 Qxc8 25.Bc1 Ng5 26.Bg2 Ng6 27.Rf1 Bh6 28.Kh1 Qd7 29.Raf2 Nf7 30.Bd2 b6
31.axb6 Rxb6 32.Nc1 Rb1 33.Qc2 Ra1 34.Nd3 Rxf1+ 35.Rxf1 h4 36.gxh4 Nxh4 37.Be1 Nxf3
38.Bxf3 gxf3 39.Bh4 Qh3 40.Qf2 Kh7 41.Rg1 Ra8 42.Bf6 Qh5 43.Qb2 Rg8 44.Rxg8 Kxg8
45.Be7 Qg6 46.Qf2 Qxe4 47.Qg1+ Kh7 48.Nf2 Qf5 49.Ng4 Bg5 50.Bf8 Qg6  0-1

[Event "Centrocoop June op-A"]
[Site "Eforie Nord "]
[Date "1998.??.??"]
[Round "?"]
[White "Iordache, Traian"]
[Black "Ghitescu, Theodor"]
[Result "0-1"]
[WhiteElo "2225"]
[BlackElo "2355"]

1.d4 Nf6 2.Nf3 g6 3.c4 Bg7 4.Nc3 d6 5.e4 O-O 6.Be2 e5 7.O-O Nc6 8.d5 Ne7
9.Nd2 c5 10.a3 Ne8 11.b4 b6 12.Rb1 f5 13.a4 Nf6 14.bxc5 bxc5 15.Qc2 Kh8 16.exf5 gxf5
17.f4 Ng6 18.fxe5 Nxe5 19.Nf3 Nfg4 20.Nd1 Nxf3+ 21.Rxf3 Bd4+ 22.Kh1 Qh4 23.h3 Bd7
24.Bb2 Ne5 25.Bxd4 cxd4 26.Rf1 f4 27.Nf2 f3 28.Bxf3 Nxf3 29.gxf3 Rxf3 30.Qe2 Raf8
31.Ne4  0-1

[Event "Centrocoop June op-A"]
[Site "Eforie Nord "]
[Date "1998.??.??"]
[Round "?"]
[White "Ghitescu, Theodor"]
[Black "Belov, Vladimir"]
[Result "1/2-1/2"]
[WhiteElo "2355"]
[BlackElo "2280"]

1.d4 Nf6 2.c4 g6 3.Nc3 Bg7 4.e4 d6 5.Nf3 O-O 6.Be2 e5 7.O-O Nc6 8.d5 Ne7
9.b4 a5 10.bxa5 c5 11.a4 Rxa5 12.Ra3 Ra6 13.Re1 Ne8 14.g3 f5 15.Nh4 Nf6 16.exf5 gxf5
17.f4 Ng6 18.Nxg6 hxg6 19.fxe5 dxe5 20.Bg5 Qa5 21.Bd2 Qd8 22.Be3 Nd7 23.d6 Qf6
24.Nb5 g5 25.Rf1 Qg6 26.Qd5+ Kh8 27.g4 f4 28.Bxc5 Nf6 29.Rh3+ Bh6 30.d7 Nxd5
31.Bxf8 Qb6+ 32.Kh1 Qd8 33.Bxh6 Qxd7 34.Bxg5+ Kg8 35.Rd1 Qg7 36.Rh5 Bd7 37.cxd5 Rxa4
38.Nc3 Rb4 39.Bh6 Qe7 40.Rg5+ Kh8 41.Rh5 Kg8 42.Rg5+ Kh8 43.Bg7+ Kh7 44.Bd3+ e4
45.Nxe4 Rxe4 46.Re5 Qxg7 47.Rxe4 Kh8 48.Rxf4 Qe5 49.Rdf1 Qxd5+ 50.Be4 Qb3
51.Rf8+ Kg7 52.R8f7+ Qxf7 53.Rxf7+ Kxf7 54.g5 Bh3 55.Bg2 Kg6  1/2-1/2

[Event "Centrocoop June op-A"]
[Site "Eforie Nord "]
[Date "1998.??.??"]
[Round "?"]
[White "Gagarin, Vasilij"]
[Black "Pozin, Sergey"]
[Result "0-1"]
[WhiteElo "2415"]
[BlackElo "2390"]

1.d4 Nf6 2.Nf3 g6 3.c4 Bg7 4.Nc3 O-O 5.e4 d6 6.Be2 e5 7.O-O Nc6 8.d5 Ne7
9.b4 Nh5 10.Re1 Nf4 11.Bf1 a5 12.bxa5 c5 13.a4 Rxa5 14.Nb5 Ra6 15.Ra3 Kh8
16.Nd2 Ng8 17.Bb2 g5 18.g3 Ng6 19.Bg2 Nf6 20.Nf1 Bd7 21.Bc1 Ng4 22.Bf3 Nh6
23.Ne3 Qc8 24.Bg2 Rg8 25.Kh1 Bf6 26.Bd2 Be7 27.Qc1 Rg7 28.Bf1 Ra8 29.Bd3 Nf4
30.gxf4 gxf4 31.Nf5 Nxf5 32.exf5 Bxf5 33.Bxf5 Qxf5 34.Qb1 Qh5 35.Qd3 Rag8
36.Qh3 Qg5 37.Raa1 Rg6 38.f3 Rh6 39.Qg4 Qf6 40.Qd7 Rxh2+ 41.Kxh2 Rg3 42.Qc8+ Bd8
43.Qh3 Rxh3+ 44.Kxh3 Qh4+ 45.Kg2 Qg3+ 46.Kf1 Qxf3+ 47.Kg1 Bh4 48.Ra3 Qf2+
49.Kh1 Bg3  0-1

[Event "Centrocoop Sept op-B"]
[Site "Eforie Nord"]
[Date "1998.??.??"]
[Round "?"]
[White "Costescu, Marina"]
[Black "Motoc, Alina"]
[Result "1-0"]
[WhiteElo "2050"]
[BlackElo "2000"]

1.d4 Nf6 2.c4 g6 3.Nc3 Bg7 4.e4 d6 5.Be2 O-O 6.Nf3 e5 7.O-O Nc6 8.d5 Ne7
9.b4 Ne8 10.Nd2 f5 11.c5 h5 12.a4 f4 13.Ba3 Rf7 14.Nc4 Bh6 15.a5 Rg7 16.b5 b6
17.cxd6 cxd6 18.Bb4 Rb8 19.axb6 axb6 20.Qb3 Bb7 21.Nxe5 dxe5 22.d6+ Kh8 23.dxe7 Qc7
24.f3 Bg5 25.Rac1 Bxe7 26.Na4 Bc5+ 27.Nxc5 bxc5 28.Bxc5 Rc8 29.Qb2 Qxc5+
30.Rxc5 Rxc5 31.Rc1 Rxc1+ 32.Qxc1 Rc7 33.Qa1 Ng7 34.Qxe5 Rc2 35.Bf1 Bc8 36.Qxf4 Be6
37.h4 Kh7 38.Bd3 Rb2 39.Qc7 Rd2 40.Qc3 Rd1+ 41.Kh2  1-0

[Event "Centrocoop Sept op-B"]
[Site "Eforie Nord"]
[Date "1998.??.??"]
[Round "?"]
[White "Caravan, Mariana"]
[Black "Motoc, Alina"]
[Result "1/2-1/2"]
[WhiteElo "2125"]
[BlackElo "2000"]

1.d4 Nf6 2.c4 g6 3.Nc3 Bg7 4.e4 d6 5.Nf3 O-O 6.Be2 e5 7.O-O Nc6 8.d5 Ne7
9.Ne1 Ne8 10.Be3 f5 11.f3 f4 12.Bf2 h5 13.c5 g5 14.Rc1 Rf7 15.a4 Bh6 16.a5 Rg7
17.Nb5 a6 18.cxd6 axb5 19.dxe7 Qxe7 20.Bc5 Nd6 21.b4 Bd7 22.Bd3 g4 23.Qe2 Kh8
24.Bxd6 Qxd6 25.Bxb5 Qxb4 26.Bxd7 Rxd7 27.Rc4 Qxa5 28.fxg4 hxg4 29.Qxg4 Qb6+
30.Kh1 Qb5 31.Qe2 Ra4 32.Rc2 Qxe2 33.Rxe2 Ra1 34.Kg1 Bf8 35.Nd3 Rxf1+ 36.Kxf1 Bd6
37.Rb2 c6 38.dxc6 bxc6 39.Rc2 c5 40.Ke2 Rh7 41.Kf3 Kg8 42.Rc3 Rxh2  1/2-1/2

[Event "Centrocoop Sept op-A"]
[Site "Eforie Nord"]
[Date "1998.??.??"]
[Round "?"]
[White "Nutiu, Mihail"]
[Black "Popescu, Gheorghe"]
[Result "1-0"]
[WhiteElo "2085"]
[BlackElo "2250"]

1.d4 Nf6 2.c4 g6 3.Nc3 Bg7 4.e4 d6 5.Nf3 O-O 6.Be2 e5 7.O-O Nc6 8.d5 Ne7
9.b4 Ne8 10.c5 f5 11.Nd2 Kh8 12.f3 f4 13.Nc4 g5 14.a4 Ng8 15.Ba3 Ngf6 16.b5 b6
17.cxd6 cxd6 18.Bb4 Rb8 19.a5 Rg8 20.axb6 axb6 21.Ra7 Bf8 22.Qe1 Nd7 23.Qf2 h5
24.Rfa1 g4 25.fxg4 hxg4 26.g3 f3 27.Bf1 Nc5 28.Bxc5 bxc5 29.Na5 Qg5 30.Nc6 Rb7
31.Ra8 Bd7 32.Nd8  1-0

[Event "Eger Agria op"]
[Site "Eger Agria"]
[Date "1998.??.??"]
[Round "5"]
[White "Veress, Robert"]
[Black "Olah, Sandor"]
[Result "1/2-1/2"]
[WhiteElo "2270"]
[BlackElo "2110"]

1.d4 Nf6 2.c4 g6 3.Nc3 Bg7 4.e4 d6 5.Nf3 O-O 6.Be2 e5 7.O-O Nc6 8.d5 Ne7
9.b4 Nh5 10.Re1 f5 11.Ng5 Nf6 12.Bf3 h6 13.Ne6 Bxe6 14.dxe6 c6 15.Bb2 Qc7
16.Qb3 Rad8 17.Rad1 fxe4 18.Nxe4  1/2-1/2

[Event "FIN-ch"]
[Site "FIN"]
[Date "1998.??.??"]
[Round "3"]
[White "Norri, Joose"]
[Black "Agopov, Mikael"]
[Result "0-1"]
[WhiteElo "2405"]
[BlackElo "2330"]

1.d4 Nf6 2.c4 g6 3.Nc3 Bg7 4.e4 d6 5.Be2 O-O 6.Nf3 e5 7.O-O Nc6 8.d5 Ne7
9.b4 a5 10.Ba3 axb4 11.Bxb4 Nd7 12.a4 Bh6 13.a5 f5 14.Nd2 b6 15.Nb5 Nc5 16.exf5 Nxf5
17.Ra3 Ba6 18.axb6 cxb6 19.Bxc5 bxc5 20.Ne4 Qb6 21.Qa1 Bb7 22.Rb1 Nd4 23.Bd3 Rxa3
24.Qxa3 Ra8 25.Qc3 Nxb5 26.Rxb5 Qa6 27.h3 Bc8 28.Qb2 Bf8 29.Kh2 Qa2 30.Qc1 Qa7
31.Qg5 Qf7 32.Rb6 Be7 33.Qe3 Qf8 34.Be2 Bf5 35.Rb7 Rb8 36.Ra7 Ra8 37.Rb7 Rb8
38.Ra7 Ra8 39.Rxa8 Qxa8 40.Ng3 Qf8 41.Bg4 Bh4 42.Qf3 Bxg3+ 43.Kxg3 Bd3 44.Be6+ Kg7
45.Qg4 h5 46.Qg5 Bxc4 47.f3 Qf6 48.Qc1 h4+ 49.Kf2 Qf4  0-1

[Event "FIN-chT9899"]
[Site "FIN"]
[Date "1998.??.??"]
[Round "5"]
[White "Veingold, Aleksandr"]
[Black "Sepp, Olav"]
[Result "1-0"]
[WhiteElo "2475"]
[BlackElo "2400"]

1.d4 Nf6 2.Nf3 g6 3.c4 Bg7 4.Nc3 O-O 5.e4 d6 6.Be2 e5 7.O-O Nc6 8.d5 Ne7
9.b4 Nh5 10.Re1 f5 11.Ng5 Nf4 12.Bxf4 exf4 13.Rc1 Bf6 14.Ne6 Bxe6 15.dxe6 Bxc3
16.Rxc3 fxe4 17.Qc2 e3 18.fxe3 a5 19.b5 c6 20.exf4 Qb6+ 21.c5 dxc5 22.bxc6 bxc6
23.g3 Nd5 24.Bc4 Rae8 25.e7 Rf7 26.Rce3 Qa7 27.Qe2 Qd7 28.Re5 Kg7 29.Re6 Kg8
30.Qe4 Rf5 31.g4 Rf7 32.Kh1 Nc3 33.Rxg6+  1-0

[Event "FIN-chT 9798"]
[Site "Finland"]
[Date "1998.??.??"]
[Round "6"]
[White "Karttunen, Mika"]
[Black "Hartikainen, Markku"]
[Result "1/2-1/2"]
[WhiteElo "2205"]
[BlackElo "2255"]

1.d4 Nf6 2.c4 g6 3.Nc3 Bg7 4.e4 O-O 5.Be2 d6 6.Nf3 e5 7.O-O Nc6 8.d5 Ne7
9.b4 Nh5 10.Re1 f5 11.Ng5 Nf6 12.Bf3 fxe4 13.Ngxe4 Nf5 14.Bg5 h6 15.Bxf6 Bxf6
16.Nxf6+ Qxf6 17.Be4 Nd4 18.f3 a5 19.Nb5 Nxb5 20.cxb5 Kg7 21.Rc1 Rf7 22.Rc4 Bf5
23.Qc2 Qd8 24.f4 Bxe4 25.Rexe4 axb4 26.Rxb4 Qf6 27.a4 Raf8 28.Rbc4 exf4 29.Re6 Qa1+
30.Kf2 Rf6 31.Rxc7+ Kg8 32.Qe4 f3 33.Rxf6 Qb2+ 34.Rc2 Qxf6 35.gxf3 Rf7 36.Re2 b6
37.Qe8+ Kg7 38.Qe3 Qh4+ 39.Kg2 Qxa4 40.Qxb6 Qd1 41.Qe3 Qxd5 42.Qc3+ Kh7 43.Re8 g5
44.b6 Kg6 45.Qe3 Kh5 46.Re7 Rf4 47.Kg3 Rb4 48.b7 Qc5 49.Qxc5  1/2-1/2

[Event "Asia-ch (Women)"]
[Site "Genting Highlands"]
[Date "1998.??.??"]
[Round "?"]
[White "Khegai, Angela"]
[Black "Le Thi Phuong Lien"]
[Result "1-0"]
[WhiteElo "2225"]
[BlackElo "2125"]

1.d4 Nf6 2.c4 g6 3.Nc3 Bg7 4.e4 d6 5.Nf3 O-O 6.Be2 e5 7.O-O Nc6 8.d5 Ne7
9.Ne1 Nd7 10.f3 f5 11.g4 Kh8 12.Be3 Ng8 13.Ng2 h5 14.h3 Bh6 15.Bf2 a5 16.Nh4 Ne7
17.Ng2 b6 18.a3 Nf6 19.Bh4 Nh7 20.Kh2 Bd7 21.b4 hxg4 22.hxg4 axb4 23.axb4 Rxa1
24.Qxa1 Bd2 25.Kg1 g5 26.Be1 Bxc3 27.Qxc3 fxg4 28.fxg4 Rxf1+ 29.Kxf1 Qf8+
30.Qf3 Qxf3+ 31.Bxf3 Ng6 32.Bc3 Kg7 33.Ne3 Nh4 34.Kf2 Nxf3 35.Kxf3 Kf7 36.c5 Nf6
37.c6 Bc8 38.b5 Nh7 39.Be1 Kf6 40.Nc2 Kg6 41.Bg3 Kf7 42.Ne3 Nf6 43.Bf2 Ng8
44.Nf5 Kg6 45.Bxb6 cxb6 46.Nxd6 Ne7 47.Nc4 Kf7 48.Nxb6  1-0

[Event "Asia-ch (Women)"]
[Site "Genting Highlands"]
[Date "1998.??.??"]
[Round "?"]
[White "Khegai, Angela"]
[Black "Tamin, Upi Darmayana"]
[Result "0-1"]
[WhiteElo "2225"]
[BlackElo "2250"]

1.d4 Nf6 2.c4 g6 3.Nc3 Bg7 4.e4 d6 5.Nf3 O-O 6.Be2 e5 7.O-O Nc6 8.d5 Ne7
9.Ne1 Ne8 10.f3 f5 11.g4 h6 12.Ng2 fxg4 13.fxg4 Rxf1+ 14.Qxf1 g5 15.Ne3 Ng6
16.Nf5 Nf4 17.Bf3 Bd7 18.Be3 Nf6 19.h3 b6 20.Rc1 Kf7 21.b4 a5 22.a3 axb4
23.axb4 Bf8 24.Ne2 Nd3 25.Rb1 Ra3 26.Nc1 Bxf5 27.Nxd3 Bg6 28.Bc1 Ra2 29.Bb2 Kg7
30.Nf2 Qa8 31.Qd1 c6 32.Ra1 c5 33.bxc5 bxc5 34.Rb1 Qa6 35.Qc2 Be7 36.Be2 Bd8
37.Bd3 Ba5 38.Rf1 Bb4 39.Nd1 Qa8 40.Qf2 Qd8 41.Bb1 Ra7 42.Ne3 Rf7 43.Qg2 Qa5
44.Bd3 Bd2 45.Nc2 Bf4 46.Na3 Qb4 47.Nb5 Qb3 48.Qc2 Qxc2 49.Bxc2 Nxe4 50.Bc1 Rd7
51.Kg2 Nf6 52.Bxg6 Kxg6 53.Bb2 Ne4 54.Bc3 h5 55.Ra1 hxg4 56.hxg4 Nf6 57.Ra6 Ne8
58.Be1 Kf6 59.Bf2 Ke7 60.Kf3 Nf6 61.Nc3 Rb7 62.Be1 e4+ 63.Ke2 Rb2+ 64.Kd1 Nxg4
65.Ra7+ Kd8 66.Nxe4 Ne3+ 67.Kc1 Nxc4+ 68.Kd1 Rg2 69.Bc3 Ne3+ 70.Ke1 Nxd5
71.Ba5+ Ke8 72.Bd2 Bxd2+ 73.Nxd2 Nf6 74.Nc4 Ne4 75.Rg7 g4 76.Ne3 Rg1+ 77.Ke2 g3
78.Nf5 d5 79.Ne3 d4 80.Nf5 Kf8 81.Kd3 Nf2+ 82.Ke2 d3+ 83.Kd2 Rd1+ 84.Kc3 Ne4+
85.Kb2 d2  0-1

[Event "Asia-ch (Women)"]
[Site "Genting Highlands"]
[Date "1998.??.??"]
[Round "?"]
[White "Koshnitsky, Ngan Phan"]
[Black "Nguyen Thi Thuan Hoa"]
[Result "1-0"]
[WhiteElo "2115"]
[BlackElo "2210"]

1.d4 Nf6 2.c4 g6 3.Nc3 Bg7 4.e4 d6 5.Nf3 O-O 6.Be2 e5 7.O-O Nc6 8.d5 Ne7
9.Ne1 Nd7 10.Kh1 f5 11.exf5 gxf5 12.f4 Ng6 13.g3 Kh8 14.Ng2 e4 15.Be3 a6
16.Rc1 Qe7 17.Qd2 b6 18.Ne1 Re8 19.Nc2 Nf6 20.Bd4 Bd7 21.Ne3 Qf8 22.b4 a5
23.Nb5 Rec8 24.a3 axb4 25.axb4 Bxb5 26.cxb5 Ne7 27.Ra1 Rxa1 28.Bxa1 Ra8 29.Rg1 Ra7
30.Bc3 Qa8 31.Bc4 Ra3 32.Bb2 Ra4 33.Bb3 Ra7 34.g4 fxg4 35.Nxg4 Nxg4 36.Rxg4 Nf5
37.Rg1 Qf8 38.Bxg7+ Nxg7 39.Qd4 Ra3 40.Bc2 Qe7 41.Bxe4 Kg8 42.f5  1-0